| 000 | 00455nam a2200169Ia 4500 | ||
|---|---|---|---|
| 008 | 131103s9999 xx 000 0 und d | ||
| 040 | _aLoreto College | ||
| 041 | _aEnglish | ||
| 082 |
_a891.4309/MIS _bLCLIB/40998 |
||
| 100 | _aMisra,Hadavash | ||
| 245 |
_aHindi Sahitya Ka itihas _cHadavash Misra |
||
| 260 |
_aPatna _bBharati Bhavan _c1990 |
||
| 300 |
_a291 p. _c 21 cm. |
||
| 650 | _aHindi Literature - Criticism | ||
| 850 | _aLCLIB | ||
| 942 | _cBK | ||
| 999 |
_c19738 _d70217 |
||